| 000 | 00740nam a22002297a 4500 | ||
|---|---|---|---|
| 005 | 20170124110248.0 | ||
| 010 | _aA-752196 | ||
| 020 | _c200.00 | ||
| 035 | _aA-752196 | ||
| 037 | _bCen Lib/Ret | ||
| 040 |
_aDPL _bEN |
||
| 082 |
_a230.1 _bSRI |
||
| 110 |
_aNew Delhi.Vanamali Publications _997952 |
||
| 245 |
_aSri Krishna lila : _bthe complete life of Bhagwan Sri Krishna / |
||
| 260 |
_aHimalayas _bVanamali Publications _c1991 |
||
| 270 |
_aP. O.-Tapovan. 249192. Via-Shivananda Nagar,Rishikesh _bHimalayas |
||
| 300 |
_axvi,414p. : _c25cm(Hb) _bill. |
||
| 500 | _aIncludes index | ||
| 650 |
_aKrishna (Hindu deity) -- Cult. _997953 |
||
| 650 |
_aKrishna (Hindu deity) _997954 |
||
| 942 |
_2ddc _cEN _h230.1 _mSRI |
||
| 999 |
_c135658 _d135658 |
||